| 000 | 01324nam a2200421 b 4500 | ||
|---|---|---|---|
| 001 | 01707016 | ||
| 003 | DO-SdBNP | ||
| 005 | 20171113131212.0 | ||
| 007 | 01707016 | ||
| 008 | 010913s2002 sp | ||| ||spa | ||
| 016 | 7 |
_a _2BPMUS |
|
| 017 |
_a _b |
||
| 020 | _a0321055551 | ||
| 040 |
_aBPMSU _bspa _cBPMSU _e |
||
| 041 | 1 |
_aspa _h |
|
| 080 | 0 | _a | |
| 082 | 4 |
_a659.2 _bR383p |
|
| 130 | 0 | 0 |
_aPublic relations _lEspañol |
| 245 | 0 | 0 |
_a Relaciones públicas : _bestrategias y tácticas / _cDennis L. Wilcox , Phillip H. Ault, Warren K. Agee, Glen T. Cameron ; traducción Yago Moreno, José Hamad ; revisión técnica Jordi Xifra. |
| 250 | _a6ª ed. | ||
| 260 | 0 |
_aMadrid : _bAddison Wesley, _c2002 |
|
| 300 |
_axxvii, 618 p. : _bil.; _c25 cm |
||
| 504 | _aBibliografía: p. [597]-608. Índice | ||
| 650 | 4 |
_aRELACIONES PÚBLICAS _2 |
|
| 650 | 4 | _aCORPORACIONES | |
| 700 | 1 | 2 | _aWilcox, Dennis L. |
| 700 | 1 | 2 | _aAult, Phillip H. |
| 700 | 1 | 2 | _aAgee, Warren K. |
| 700 | 1 | 2 | _aCameron, Glen T. |
| 700 | 1 | 2 |
_a Moreno, Yago , _etr. |
| 700 | 1 | 2 |
_aHamad, José , _etr. |
| 700 | 1 | 2 | _aXifra, Jordi |
| 700 | 1 |
_aCapella, Isabel , _eed. |
|
| 910 | _aValidado. Control de calidad MFF | ||
| 942 |
_2ddc _cBK |
||
| 945 | _aInventariado, 2017/MFF | ||
| 956 |
_aVMATEO _b10 _c20160613 _dBPMSU _f0069 |
||
| 999 |
_c10372 _d10372 |
||